书目信息 |
| 题名: |
其实你不懂孩子在想什么
|
|
| 作者: | 刘丽 著 | |
| 分册: | ||
| 出版信息: | 北京 台海出版社 2018 |
|
| 页数: | 208页 | |
| 开本: | 21cm | |
| 丛书名: | ||
| 单 册: | ||
| 中图分类: | B844.1 , G782 | |
| 科图分类: | ||
| 主题词: | 儿童心理学 , 儿童教育--家庭教育 | |
| 电子资源: | ||
| ISBN: | 978-7-5168-1732-2 | |
| 000 | 01108nam0 2200289 450 | |
| 001 | 012001003991 | |
| 005 | 20140101090341.0 | |
| 010 | @a978-7-5168-1732-2@dCNY32.00 | |
| 100 | @a20181129d2018 em y0chiy50 ea | |
| 101 | 0 | @achi |
| 102 | @aCN@b110000 | |
| 105 | @aa z 000yy | |
| 106 | @ar | |
| 200 | 1 | @a其实你不懂孩子在想什么@Aqi shi ni bu dong hai zi zai xiang shen me@e儿童各种行为心理模式及教养策略@f刘丽著 |
| 210 | @a北京@c台海出版社@d2018 | |
| 215 | @a208页@c图@d21cm | |
| 312 | @a封面英文题名:You don't know what the kids thinking | |
| 330 | @a本书内容包括:爱孩子,要先懂孩子;培养孩子的个性其实不难;自立教育是给孩子的最好礼物;不打不骂激发孩子内在的学习力;好习惯让你的孩子更优秀;高情商的孩子是怎么养成的。 | |
| 510 | 1 | @aYou don't know what the kids thinking@zeng |
| 517 | 1 | @a儿童各种行为心理模式及教养策略@Aer tong ge zhong xing wei xin li mo shi ji jiao yang ce lue |
| 606 | 0 | @a儿童心理学 |
| 606 | 0 | @a儿童教育@x家庭教育 |
| 690 | @aB844.1@v5 | |
| 690 | @aG782@v5 | |
| 701 | 0 | @a刘丽@Aliu li@4著 |
| 801 | @b江苏凤凰@c20191020 | |
| 905 | @b1237587-92@dB844.1@e3323@f6 | |
| 其实你不懂孩子在想什么:儿童各种行为心理模式及教养策略/刘丽著.-北京:台海出版社,2018 |
| 208页:图;21cm |
| ISBN 978-7-5168-1732-2:CNY32.00 |
| 本书内容包括:爱孩子,要先懂孩子;培养孩子的个性其实不难;自立教育是给孩子的最好礼物;不打不骂激发孩子内在的学习力;好习惯让你的孩子更优秀;高情商的孩子是怎么养成的。 |
| ● |
| 相关链接 |
|
|
|
|
正题名:其实你不懂孩子在想什么
索取号:B844.1/3323
 
预约/预借
| 序号 | 登录号 | 条形码 | 馆藏地/架位号 | 状态 | 备注 |
| 1 | 1237587 | 212375874 | 第一样本阅览室/ [索取号:B844.1/3323] | 在馆 | |
| 2 | 1237588 | 212375883 | 教育系资料室/ [索取号:B844.1/3323] | 在馆 | |
| 3 | 1237589 | 212375892 | 教育系资料室/ [索取号:B844.1/3323] | 在馆 | |
| 4 | 1237590 | 212375909 | 第一借阅区/ [索取号:B844.1/3323] | 在馆 | |
| 5 | 1237591 | 212375918 | 第一借阅区/ [索取号:B844.1/3323] | 在馆 | |
| 6 | 1237592 | 212375927 | 第一借阅区/ [索取号:B844.1/3323] | 在馆 |